000 00558nam a22001817a 4500
003 DO-SdBNP
005 20170714143438.0
008 170714b1994 xx | 00| 0 spa d
020 _a0590480502
040 _aBPMSU
_bspa
_cBPMSU
100 _aPaola, Tomie de
245 _aLa leyenda de la flor El conejo :
_buna antigua leyenda de Texas /
_crecontada e ilustrada por Tomie de Paola
260 _aNew York :
_bScholastic
_c1994
300 _a30 p. :
_bil. ;
_c27 cm.
700 _aPaola, Tomie de
942 _2ddc
_cBK
956 _aVMATEO
_b10
_c20170714
_dBPMSU
_f0069
999 _c12590
_d12590